Salta al contenuto

Исследование волн на поверхности жидкости. Практикум

Практикум содержит описание лабораторной работы, предназначенной для студентов второго курса физического факультета Нижегородского государственного университета им. Н.И. Лобачевского. Целью работы является изучение студентами основных волновых явлений в поддержку курса общей физики....

Descrizione completa

Salvato in:
Dettagli Bibliografici
Autore principale: Белова О. В.
Altri autori: Зайцева Е. В.
Natura: Книга
Lingua:Russian
Pubblicazione: Нижний Новгород ННГУ им. Н. И. Лобачевского 2022
Accesso online:https://e.lanbook.com/book/282977
https://e.lanbook.com/img/cover/book/282977.jpg
Tags: Aggiungi Tag
Nessun Tag, puoi essere il primo ad aggiungerne! !
LEADER 02096nam0a2200277 i 4500
001 282977
003 RuSpLAN
005 20221220174212.0
008 221220s2022 ru gs 000 0 rus
040 |a RuSpLAN 
041 0 |a rus 
044 |a ru 
080 |a 534.01(076) 
084 |a 22.313я73-4  |2 rubbk 
245 0 0 |a Исследование волн на поверхности жидкости. Практикум  |c Белова О. В.,Зайцева Е. В. 
260 |a Нижний Новгород  |b ННГУ им. Н. И. Лобачевского  |c 2022 
300 |a 16 с. 
500 |a Рекомендовано методической комиссией физического факультета для студентов ННГУ, обучающихся по направлениям подготовки 03.03.02 «Физика», 11.03.04 «Электроника и наноэлектроника», 28.03.01 «Нанотехнологии и микросистемная техника», 09.03.02 «Информационные системы и технологии» 
504 |a Библиогр.: доступна в карточке книги, на сайте ЭБС Лань 
520 8 |a Практикум содержит описание лабораторной работы, предназначенной для студентов второго курса физического факультета Нижегородского государственного университета им. Н.И. Лобачевского. Целью работы является изучение студентами основных волновых явлений в поддержку курса общей физики. 
521 8 |a Книга из коллекции ННГУ им. Н. И. Лобачевского - Физика 
100 1 |a Белова О. В. 
700 1 |a Зайцева Е. В. 
856 4 |u https://e.lanbook.com/book/282977 
856 4 8 |u https://e.lanbook.com/img/cover/book/282977.jpg 
953 |a https://e.lanbook.com/img/cover/book/282977.jpg